000 00691nam a2200241Ia 4500
003 OSt
005 20220918182608.0
006 a|||||r|||| 00| 0
007 ta
008 220917b |||||||| |||| 00| 0 eng d
024 _a33,267
037 _cTextual
040 _aARTS
_cARTS
_beng
041 _2eng
_aeng
082 _aO111,4M191x, K8.1-.4
100 _aRuskin John
_910983
245 0 _aFors clavigera letters to the workmen and labourers of Great Britain
260 _aNew York
_bGreenwood Press USA
_c1968
300 _a430p.
_ccm.
650 _aENGLISH LITERATURE
942 _hO111,4M191x, K8.1-.4
_cTEXL
_2CC
999 _c169564
_d169564